The Dust Bowl : an illustrated history /

Draws on reports, newspaper articles and interviews to chronicle the American Dust Bowl, providing photographs to illustrate the catastrophe as well as offer a tribute to man's relationship to the land and his ability to persevere.

Bibliographic Details
Main Author: Duncan, Dayton
Format: Book
Language:English
Published: San Francisco : Chronicle Books, [2012]
Subjects:

MARC

Tag First Indicator Second Indicator Subfields
LEADER 00000cam a2200000 i 4500
001 in00002786708
005 20151202171633.0
008 111222t20122012caua b 001 0 eng
010 |a  2011052371 
020 |a 9781452107943 
020 |a 1452107947 
035 |a (OCoLC)ocn769289621 
040 |a DLC  |e rda  |c DLC  |d UtOrBLW 
043 |a np----- 
049 |a TXAM 
050 0 0 |a F595  |b .D93 2012 
082 0 0 |a 978/.032  |2 23 
100 1 |a Duncan, Dayton. 
245 1 4 |a The Dust Bowl :  |b an illustrated history /  |c by Dayton Duncan ; with a preface by Ken Burns ; picture research by Aileen Silverstone and Susan Shumaker. 
264 1 |a San Francisco :  |b Chronicle Books,  |c [2012] 
264 4 |c ©2012 
300 |a 231 pages :  |b illustrations (some color) ;  |c 29 cm. 
336 |a text  |b txt  |2 rdacontent 
337 |a unmediated  |b n  |2 rdamedia 
338 |a volume  |b nc  |2 rdacarrier 
500 |a "Based on a film by Ken Burns, produced by Dayton Duncan, Ken Burns and Julie Dunfey, written by Dayton Duncan." 
504 |a Includes bibliographical references and index. 
505 0 |a The great plow up -- Midnight with no stars -- The crucible -- Dust to eat -- The end of the world -- Reaping the whirlwind -- Grab a root and growl -- Canaan land -- Thou shalt not bear false witness -- Okies -- The cruel crisis -- The western gate. 
520 |a Draws on reports, newspaper articles and interviews to chronicle the American Dust Bowl, providing photographs to illustrate the catastrophe as well as offer a tribute to man's relationship to the land and his ability to persevere. 
650 0 |a Dust Bowl Era, 1931-1939. 
650 0 |a Depressions  |y 1929  |z Great Plains. 
651 0 |a Great Plains  |x History  |y 20th century. 
651 0 |a Great Plains  |x Social conditions  |y 20th century. 
650 0 |a Droughts  |z Great Plains  |x History  |y 20th century. 
650 0 |a Farmers  |z Great Plains  |x Social conditions  |y 20th century. 
945 |a PromptCat 
946 |a stk 
947 |a A14836011793 
948 |a cataloged  |b h  |c 2012/12/12  |d c  |e dmitchel  |f 12:00:00 pm 
994 |a 92  |b TXA 
999 |a MARS 
999 f f |s 35e575c9-25fe-32ff-9b21-7b0fee2c5457  |i 498fcd59-0ffa-3e83-a60e-1ea714ab8a09  |t 0 
952 f f |p ric  |a Texas A&M University  |b Rellis Campus  |c Joint Library Facility  |d Remote Storage  |t 0  |e F595 .D93 2012  |h Library of Congress classification  |i unmediated -- volume  |m A14836011793 
998 f f |a F595 .D93 2012  |t 0  |l Remote Storage